000 00452nam a2200145Ia 4500
008 211109s9999||||xx |||||||||||||| ||und||
082 _a891.43
_bDHA-K
100 _aDharamveer, Bharti
245 0 _aKuch Chehre: Kuch Chitan
260 _bVANI Prakasan
_aDelhi
_c1900
300 _a230p.
630 _xgeneral stack
650 _aLiterature & rhetoric
_vLiteratures of other languages
_x East Indo-European & Celtic literaturesGeneralia
942 _cBOOK
999 _c53688
_d53688